[Event "Titled Tuesday intern op 18th Jul Late"]
[Site "Chess.com INT"]
[Date "2023.07.18"]
[Round "1"]
[White "Santos Flores, Alberto Javier"]
[Black "De Arruda, Leandro Formes"]
[Result "1-0"]
[WhiteElo "2164"]
[BlackElo "1980"]
[PlyCount "84"]
[EventDate "2023.07.18"]
[EventType "swiss (blitz)"]
[EventRounds "11"]
[EventCountry "USA"]
[SourceTitle "EXT 2024"]
[Source "ChessBase"]
[SourceDate "2023.10.10"]
[SourceVersion "1"]
[SourceVersionDate "2023.10.10"]
[SourceQuality "1"]

1. e4 e6 2. d4 d5 3. Nc3 dxe4 4. Nxe4 Nd7 5. Nf3 Ngf6 6. Nxf6+ Nxf6 7. g3 Be7 8. Bg2 0-0 9. 0-0 c5 10. Bf4 Qb6 11. b3 Rd8 12. dxc5 Qxc5 13. Qe2 Nd5 14. Be5 Bf6 15. c4 Bxe5 16. Qxe5 f6 17. Qh5 g6 18. Qh4 Nb6 19. Qxf6 Qf8 20. Qxf8+ Rxf8 21. Ne5 Rb8 22. Rad1 a5 23. Rd6 Na8 24. Rfd1 Nc7 25. Rd8 Na6 26. Rxf8+ Kxf8 27. Rd8+ Ke7 28. Rh8 Kf6 29. f4 Kg7 30. Re8 a4 31. Re7+ Kg8 32. Re8+ Kg7 33. Kf2 axb3 34. axb3 h6 35. Ke3 g5 36. Be4 Nc5 37. b4 gxf4+ 38. gxf4 Nxe4 39. Kxe4 b6 40. Kd4 Ra8 41. Nd7 Ra4 42. Rxc8 Ra5 1-0

[Event "Titled Tuesday intern op 18th Jul Late"]
[Site "Chess.com INT"]
[Date "2023.07.18"]
[Round "10"]
[White "Shapiro, Daniel E"]
[Black "De Arruda, Leandro Formes"]
[Result "1-0"]
[WhiteElo "2284"]
[BlackElo "1980"]
[PlyCount "61"]
[EventDate "2023.07.18"]
[EventType "swiss (blitz)"]
[EventRounds "11"]
[EventCountry "USA"]
[SourceTitle "EXT 2024"]
[Source "ChessBase"]
[SourceDate "2023.10.10"]
[SourceVersion "1"]
[SourceVersionDate "2023.10.10"]
[SourceQuality "1"]

1. d4 d5 2. c4 e6 3. Nf3 Nf6 4. g3 c6 5. Qc2 Be7 6. Bg2 Nbd7 7. 0-0 0-0 8. Rd1 Ne4 9. Ne5 f5 10. Nd3 Bf6 11. e3 Qe8 12. Nd2 Qh5 13. f3 Ng5 14. Nf2 Re8 15. h3 e5 16. g4 fxg4 17. fxg4 Qh4 18. cxd5 cxd5 19. Bxd5+ Kh8 20. Bg2 exd4 21. Nf1 dxe3 22. Bxe3 Ne5 23. Nh2 Qg3 24. Nf1 Qh4 25. Rac1 Be6 26. Bf4 Ngf3+ 27. Kh1 Bxg4 28. Bg3 Qh5 29. Nxg4 Nxg4 30. Bxf3 Nh6 31. Bxh5 1-0

[Event "Titled Tuesday intern op 07th Feb Late"]
[Site "Chess.com INT"]
[Date "2023.02.07"]
[Round "9"]
[White "Souza, Gustavo Horokoski"]
[Black "De Arruda, Leandro Formes"]
[Result "1-0"]
[WhiteElo "1943"]
[BlackElo "1980"]
[PlyCount "103"]
[EventDate "2023.02.07"]
[EventType "swiss (blitz)"]
[EventRounds "11"]
[EventCountry "USA"]
[SourceTitle "EXT 2024"]
[Source "ChessBase"]
[SourceDate "2023.10.10"]
[SourceVersion "1"]
[SourceVersionDate "2023.10.10"]
[SourceQuality "1"]

1. d4 d5 2. c4 e6 3. Nc3 Nf6 4. cxd5 exd5 5. Bg5 Be7 6. e3 0-0 7. Bd3 c6 8. Nge2 Ne4 9. Bxe7 Qxe7 10. Qc2 f5 11. 0-0 Qg5 12. Rae1 Nd7 13. Ng3 Ndf6 14. b4 h5 15. b5 h4 16. Nge2 h3 17. g3 Ng4 18. Nf4 Qh6 19. bxc6 bxc6 20. Na4 Ng5 21. Be2 Nf7 22. Rc1 Nd8 23. Bf3 Be6 24. Nxe6 Qxe6 25. Nc5 Qe7 26. Nd3 Rb8 27. Nf4 Rf6 28. Nxh3 Qa3 29. Rb1 Rb6 30. Nf4 Nh6 31. Rb3 Qa6 32. Rfb1 Qb7 33. Rxb6 axb6 34. Qb3 b5 35. Nxd5 Kh7 36. Nxf6+ gxf6 37. a4 Ng4 38. axb5 Qe7 39. Bxg4 fxg4 40. b6 Nb7 41. Qc4 Qe4 42. Rc1 Nd6 43. Qxc6 Qd3 44. Qxd6 Qd2 45. Qc7+ Kg6 46. b7 Qe2 47. b8Q Qd2 48. Qg8+ Kf5 49. Qd7+ Ke4 50. Qg6+ Kf3 51. Qgf5+ Ke2 52. Qdb5+ 1-0

[Event "Titled Tuesday intern op 07th Feb Late"]
[Site "Chess.com INT"]
[Date "2023.02.07"]
[Round "7"]
[White "Tarnowska, Aleksandra"]
[Black "De Arruda, Leandro Formes"]
[Result "0-1"]
[WhiteElo "1835"]
[BlackElo "1980"]
[PlyCount "146"]
[EventDate "2023.02.07"]
[EventType "swiss (blitz)"]
[EventRounds "11"]
[EventCountry "USA"]
[SourceTitle "EXT 2024"]
[Source "ChessBase"]
[SourceDate "2023.10.10"]
[SourceVersion "1"]
[SourceVersionDate "2023.10.10"]
[SourceQuality "1"]

1. e4 e6 2. d4 d5 3. Nd2 dxe4 4. Nxe4 Nd7 5. Nf3 Ngf6 6. Ng3 Be7 7. Be3 b6 8. Bd3 Bb7 9. 0-0 0-0 10. c4 c5 11. Rc1 cxd4 12. Nxd4 Nc5 13. Bb1 Qc7 14. Qc2 Rad8 15. Nh5 g6 16. Nxf6+ Bxf6 17. Nb5 Qc6 18. f3 Nd3 19. Rcd1 Ne5 20. Nxa7 Qxc4 21. Qxc4 Nxc4 22. Bf2 Bxb2 23. Nb5 Ba6 24. Nc7 Bb7 25. Bd3 Ne5 26. Be2 Nd7 27. Bb5 Nc5 28. Bc4 Bc3 29. Nb5 Ba5 30. Nd6 Bd5 31. Bxd5 exd5 32. Nb5 Rfe8 33. Bh4 Rd7 34. Rd4 Ne6 35. Rd3 Nf4 36. Rd4 Ne2+ 37. Kf2 Nxd4 38. Nxd4 Bb4 39. Nc6 Bc5+ 40. Kg3 d4 41. Rd1 d3 42. Bg5 Kg7 43. Bf4 f6 44. h4 h6 45. h5 g5 46. Bd2 Re2 47. Bc3 Bf2+ 48. Kh3 Rd6 49. Nb8 Rc2 50. Bb4 Rd8 51. Na6 d2 52. Ba3 Be1 53. Nb4 Rc3 54. Bb2 Rc4 55. Nc6 Rxc6 56. a4 Rc2 57. f4 Rxb2 58. a5 bxa5 59. Kg4 Rb4 60. g3 gxf4 61. gxf4 Rdd4 62. Kf5 Rxf4+ 63. Ke6 Rbe4+ 64. Kd7 Rd4+ 65. Kc6 Rc4+ 66. Kb6 Rc1 67. Rxd2 Bxd2 68. Ka6 Rb4 69. Ka7 Rc7+ 70. Ka6 a4 71. Ka5 a3 72. Ka6 a2 73. Ka5 a1Q# 0-1

[Event "Titled Tuesday intern op 03rd Jan Early"]
[Site "Chess.com INT"]
[Date "2023.01.03"]
[Round "10"]
[White "Buscar, Michael"]
[Black "De Arruda, Leandro Formes"]
[Result "1-0"]
[WhiteElo "2041"]
[BlackElo "1980"]
[PlyCount "66"]
[EventDate "2023.01.03"]
[EventType "swiss (blitz)"]
[EventRounds "11"]
[EventCountry "USA"]
[SourceTitle "EXT 2024"]
[Source "ChessBase"]
[SourceDate "2023.10.10"]
[SourceVersion "1"]
[SourceVersionDate "2023.10.10"]
[SourceQuality "1"]

1. d4 f5 2. g3 Nf6 3. Bg2 e6 4. Nh3 d5 5. Nf4 Bd6 6. h4 0-0 7. h5 c5 8. c3 Nc6 9. h6 g6 10. dxc5 Bxc5 11. Nd2 e5 12. Nd3 Bb6 13. 0-0 Nh5 14. Kh2 f4 15. Nb3 Bf5 16. Ndc5 e4 17. Nxb7 Qd7 18. N7c5 Qd6 19. Nxe4 Bxe4 20. Bxe4 fxg3+ 21. Kg2 gxf2 22. Qxd5+ Qxd5 23. Bxd5+ Kh8 24. Bxc6 Rac8 25. Bf3 Rc4 26. Nd4 Nf4+ 27. Bxf4 Rxf4 28. Rxf2 g5 29. Bd5 Rc5 30. Rxf4 gxf4 31. Bf3 Rg5+ 32. Kf2 Re5 33. Rg1 Rb5 1-0

[Event "Titled Tuesday intern op 06th Dec Early"]
[Site "Chess.com INT"]
[Date "2022.12.06"]
[Round "2"]
[White "De Arruda, Leandro Formes"]
[Black "Lehtosaari, Mauri"]
[Result "1/2-1/2"]
[WhiteElo "1980"]
[BlackElo "2188"]
[PlyCount "68"]
[EventDate "2022.12.06"]
[EventType "swiss (blitz)"]
[EventRounds "11"]
[EventCountry "USA"]
[SourceTitle "CBM 211 Extra"]
[Source "ChessBase"]
[SourceDate "2023.01.31"]
[SourceVersion "1"]
[SourceVersionDate "2023.01.31"]
[SourceQuality "1"]

1. d4 d5 2. Nf3 Nf6 3. e3 Bg4 4. Be2 e6 5. Ne5 Bxe2 6. Qxe2 c6 7. 0-0 Nbd7 8. f4 Ne4 9. Nd2 Ndf6 10. c4 Bd6 11. cxd5 exd5 12. Nxe4 Nxe4 13. Qh5 Qe7 14. Qg4 f6 15. Qh5+ g6 16. Nxg6 Qf7 17. f5 Rg8 18. Nf4 Qxh5 19. Nxh5 Kf7 20. Nf4 Rg5 21. Ne6 Rh5 22. g3 Rg8 23. Rf3 Bxg3 24. hxg3 Nxg3 25. Nf4 Ne4+ 26. Kf1 Rh1+ 27. Ke2 Rgg1 28. Nd3 Rg2+ 29. Nf2 Rhg1 30. b3 Nc3+ 31. Kd3 Nd1 32. Ke2 Nc3+ 33. Kd2 Ne4+ 34. Ke2 Nc3+ 1/2-1/2

[Event "Titled Tuesday intern op 06th Dec Early"]
[Site "Chess.com INT"]
[Date "2022.12.06"]
[Round "5"]
[White "Mitrovic, Darko R"]
[Black "De Arruda, Leandro Formes"]
[Result "1-0"]
[WhiteElo "2220"]
[BlackElo "1980"]
[PlyCount "131"]
[EventDate "2022.12.06"]
[EventType "swiss (blitz)"]
[EventRounds "11"]
[EventCountry "USA"]
[SourceTitle "CBM 211 Extra"]
[Source "ChessBase"]
[SourceDate "2023.01.31"]
[SourceVersion "1"]
[SourceVersionDate "2023.01.31"]
[SourceQuality "1"]

1. d4 d5 2. Nf3 Nf6 3. g3 e6 4. Bg2 Be7 5. 0-0 0-0 6. c4 Ne4 7. Nc3 f5 8. Ne5 c6 9. f4 Nd7 10. cxd5 exd5 11. Nxe4 fxe4 12. Nxd7 Bxd7 13. e3 Qb6 14. b3 a5 15. a4 Rad8 16. Rf2 Bb4 17. Ba3 Be6 18. Bxb4 Qxb4 19. Rc1 Rf7 20. Qc2 Bg4 21. Qc3 Qxc3 22. Rxc3 Rd6 23. Rfc2 Bd7 24. Bf1 b6 25. Rb2 h6 26. b4 axb4 27. Rxb4 c5 28. dxc5 bxc5 29. Rxc5 g5 30. a5 gxf4 31. gxf4 Rg6+ 32. Kf2 Bc6 33. a6 d4 34. Rxd4 h5 35. Bc4 Kg7 36. Bxf7 Kxf7 37. Rb4 Ke7 38. Rb6 Kd7 39. Rbxc6 Rxc6 40. Rxc6 Kxc6 41. f5 h4 42. f6 Kd6 43. a7 Ke6 44. a8Q Kxf6 45. Qxe4 Kg5 46. Qf4+ Kh5 47. Qf5+ Kh6 48. Qg4 h3 49. Qxh3+ Kg6 50. Kf3 Kf6 51. Qh5 Ke7 52. Kf4 Kf6 53. Ke4 Ke7 54. Qg6 Kd7 55. h4 Ke7 56. h5 Kd7 57. h6 Ke7 58. h7 Kd7 59. Kf5 Ke7 60. Qf6+ Kd7 61. Qe6+ Kc7 62. e4 Kb7 63. Qd6 Ka7 64. Qc6 Kb8 65. Qd7 Ka8 66. e5 1-0

[Event "Titled Tuesday intern op 15th Nov Early"]
[Site "Chess.com INT"]
[Date "2022.11.15"]
[Round "5"]
[White "De Arruda, Leandro Formes"]
[Black "Petrova, Irina"]
[Result "0-1"]
[WhiteElo "1980"]
[BlackElo "2123"]
[PlyCount "70"]
[EventDate "2022.11.15"]
[EventType "swiss (blitz)"]
[EventRounds "11"]
[EventCountry "USA"]
[SourceTitle "CBM 211 Extra"]
[Source "ChessBase"]
[SourceDate "2023.01.31"]
[SourceVersion "1"]
[SourceVersionDate "2023.01.31"]
[SourceQuality "1"]

1. d4 d6 2. Nf3 g6 3. g3 Bg7 4. Bg2 Nf6 5. 0-0 0-0 6. b3 Nc6 7. Bb2 Bf5 8. Nbd2 Ne4 9. Nxe4 Bxe4 10. c3 d5 11. a4 e5 12. dxe5 Nxe5 13. Nxe5 Bxg2 14. Kxg2 Bxe5 15. Qd3 c6 16. Rad1 Qb6 17. b4 a5 18. b5 Rad8 19. Ba3 Rfe8 20. c4 dxc4 21. Qxc4 cxb5 22. axb5 Bg7 23. e3 h5 24. Rd5 Rxd5 25. Qxd5 Re5 26. Qd7 Qxb5 27. Qd8+ Kh7 28. Bd6 Rf5 29. e4 Rf6 30. e5 Rf5 31. f4 Qd5+ 32. Kh3 Bxe5 33. g4 hxg4+ 34. Kxg4 Qg2+ 35. Kh4 Rh5# 0-1

[Event "Titled Tuesday intern op 15th Nov Early"]
[Site "Chess.com INT"]
[Date "2022.11.15"]
[Round "2"]
[White "Malka, Samuel"]
[Black "De Arruda, Leandro Formes"]
[Result "1-0"]
[WhiteElo "2265"]
[BlackElo "1980"]
[PlyCount "33"]
[EventDate "2022.11.15"]
[EventType "swiss (blitz)"]
[EventRounds "11"]
[EventCountry "USA"]
[SourceTitle "CBM 211 Extra"]
[Source "ChessBase"]
[SourceDate "2023.01.31"]
[SourceVersion "1"]
[SourceVersionDate "2023.01.31"]
[SourceQuality "1"]

1. Nf3 d5 2. g3 Nf6 3. Bg2 Nbd7 4. 0-0 e5 5. d3 Be7 6. e4 dxe4 7. dxe4 0-0 8. Nc3 b6 9. Be3 Bb7 10. Re1 Nxe4 11. Nxe4 Bxe4 12. Qe2 f6 13. Qc4+ Kh8 14. Qxe4 Qe8 15. Rad1 Nc5 16. Qc4 Qg6 17. Nh4 1-0

[Event "Titled Tuesday intern op 13th Sep Early"]
[Site "Chess.com INT"]
[Date "2022.09.13"]
[Round "6"]
[White "De Arruda, Leandro Formes"]
[Black "Sliwicki, Damian"]
[Result "1-0"]
[WhiteElo "1980"]
[BlackElo "2140"]
[PlyCount "57"]
[EventDate "2022.09.13"]
[EventType "swiss (blitz)"]
[EventRounds "11"]
[EventCountry "USA"]
[SourceTitle "EXT 2023"]
[Source "ChessBase"]
[SourceDate "2022.10.05"]
[SourceVersion "1"]
[SourceVersionDate "2022.10.05"]
[SourceQuality "1"]

1. d4 Nf6 2. Nf3 e6 3. e3 c5 4. Bd3 cxd4 5. exd4 d5 6. c3 Nc6 7. Nbd2 Bd6 8. 0-0 0-0 9. Re1 Qc7 10. Qe2 Re8 11. Ne5 Bxe5 12. dxe5 Nd7 13. f4 Nf8 14. Qh5 b6 15. Nf3 h6 16. g4 Ne7 17. g5 hxg5 18. Nxg5 Nf5 19. Re3 Qc5 20. b4 Qxc3 21. Qxf7+ Kh8 22. Bxf5 Qxe3+ 23. Bxe3 exf5 24. Qxe8 Bb7 25. Qh5+ Kg8 26. Rc1 d4 27. Rc7 Bd5 28. Bxd4 Rd8 29. e6 1-0

[Event "Titled Tuesday intern op 13th Sep Early"]
[Site "Chess.com INT"]
[Date "2022.09.13"]
[Round "7"]
[White "Noboa Silva, Kevin Omar"]
[Black "De Arruda, Leandro Formes"]
[Result "1-0"]
[WhiteElo "2278"]
[BlackElo "1980"]
[PlyCount "43"]
[EventDate "2022.09.13"]
[EventType "swiss (blitz)"]
[EventRounds "11"]
[EventCountry "USA"]
[SourceTitle "EXT 2023"]
[Source "ChessBase"]
[SourceDate "2022.10.05"]
[SourceVersion "1"]
[SourceVersionDate "2022.10.05"]
[SourceQuality "1"]

1. e4 e6 2. d4 d5 3. Nd2 dxe4 4. Nxe4 Nd7 5. Nf3 Ngf6 6. Nxf6+ Nxf6 7. c3 Be7 8. Bd3 0-0 9. 0-0 b6 10. Qe2 Bb7 11. Bg5 c5 12. dxc5 bxc5 13. Rad1 Qa5 14. Rfe1 Rad8 15. Bb1 c4 16. Rxd8 Rxd8 17. Qc2 Be4 18. Rxe4 Nxe4 19. Bxe7 Rd7 20. Qxe4 Rd1+ 21. Ne1 Qd5 22. Qxh7# 1-0